000 00620nam a2200253Ia 4500
005 20260306152723.0
008 008 260114s9999 xx 000 0 eng d
020 _a9789375136477
037 _aEBOOK
040 _aCRL
040 _beng
040 _cCRL
041 _2eng
041 _aeng
084 _qCRL
100 _aHindrey Roderick
_9589069
245 0 _aComparative Ethics In Hindu And Buddhist Traditions
260 _bMLBD
260 _c2022
856 _uhttps://www.asapglobe.com/searchtitles.aspx?query=9789375136477
942 _cEBOOK
999 _c1701218
_d1701218